Recubrimientos superficiales asfálticos.
Na minha lista:
| Autor principal: | |
|---|---|
| Formato: | Livro |
| Publicado em: |
San José, Costa Rica
1988
|
| Assuntos: | |
| Tags: |
Adicionar Tag
Sem tags, seja o primeiro a adicionar uma tag!
|
MARC
| LEADER | 00000nam a2200000Ia 4500 | ||
|---|---|---|---|
| 003 | 004633 | ||
| 005 | 20221231144344.0 | ||
| 008 | 140114s1988 cr a m 000 ||s d | ||
| 040 | |c cru CEDI | ||
| 090 | |a TFG 2110 | ||
| 100 | |a Alvarez Arguedas, Fernando |9 13605 | ||
| 245 | |a Recubrimientos superficiales asfálticos. | ||
| 260 | |c 1988 |a San José, Costa Rica | ||
| 300 | |a vii, [177] hojas : ilustraciones ; 27 cm | ||
| 500 | |a Proyecto de graduación (licenciatura en ingeniería civil)--Universidad de Costa Rica. Facultad de Ingeniería. Escuela de Ingeniería Civil | ||
| 650 | |x ASFALTO |9 13606 | ||
| 942 | |c TFG | ||
| 999 | |c 20637 |d 20637 | ||
